Marketing management (Record no. 4908)

MARC details
000 -CABECERA
campo de control de longitud fija 02913cam a2200361 i 4500
001 - NÚMERO DE CONTROL
campo de control Rebiun36299968
006 - CÓDIGOS DE INFORMACIÓN DE LONGITUD FIJA--CARACTERÍSTICAS DEL MATERIAL ADICIONAL
campo de control de longitud fija m o d
007 - CAMPO FIJO DE DESCRIPCIÓN FÍSICA--INFORMACIÓN GENERAL
campo de control de longitud fija cr |||||||||||
008 - DATOS DE LONGITUD FIJA--INFORMACIÓN GENERAL
campo de control de longitud fija 240412s2024 nju ob 001 0 eng
010 ## - NÚMERO DE CONTROL DE LA BIBLIOTECA DEL CONGRESO
Número de control de LC 2024010577
020 ## - NÚMERO INTERNACIONAL ESTÁNDAR DEL LIBRO
Número Internacional Estándar del Libro 9781292727035
020 ## - NÚMERO INTERNACIONAL ESTÁNDAR DEL LIBRO
Número Internacional Estándar del Libro 9781292458786
Información calificativa ebook
040 ## - FUENTE DE LA CATALOGACIÓN
Centro catalogador/agencia de origen DLC
Lengua de catalogación eng
Normas de descripción rda
Centro/agencia transcriptor DLC
Centro/agencia modificador OCLCO
-- YDX
-- N$T
-- UKAHL
041 ## - CÓDIGO DE LENGUA
Código de lengua del texto/banda sonora o título independiente English
042 ## - CÓDIGO DE AUTENTICACIÓN
Código de autenticación pcc
100 ## - ENTRADA PRINCIPAL--NOMBRE DE PERSONA
Nombre de persona Kotler, Philip
Término indicativo de función/relación author
9 (RLIN) 1123
245 10 - MENCIÓN DE TÍTULO
Título Marketing management
Mención de responsabilidad, etc. / Philip Kotler, Kevin Lane Keller, Mairead Brady, Malcolm Goodman, Torben Hansen
250 ## - MENCIÓN DE EDICIÓN
Mención de edición 5th European edition
264 #1 - PRODUCCIÓN, PUBLICACIÓN, DISTRIBUCIÓN, FABRICACIÓN Y COPYRIGHT
Producción, publicación, distribución, fabricación y copyright Hoboken :
Nombre del de productor, editor, distribuidor, fabricante Pearson Education Limited,
Fecha de producción, publicación, distribución, fabricación o copyright 2024
300 ## - DESCRIPCIÓN FÍSICA
Extensión 1 online resource
504 ## - NOTA DE BIBLIOGRAFÍA, ETC.
Nota de bibliografía, etc. Includes bibliographical references and index
520 ## - SUMARIO, ETC.
Sumario, etc. The undisputed global bestseller in marketing management that consistently reflect changes in marketing theory and practice A key text both for undergraduate and postgraduate programmes in Marketing Management. An encyclopaedia of marketing, the classic Marketing Management is considered by many as the authoritative book on the subject. Inspired by the US editions, the 5th European edition of this bestselling text offers an overview of marketing through accessible, theoretically rigorous content underpinned by managerial relevance. It explores the challenges facing European marketing practitioners and admirably covers a wide range of concepts examining traditional aspects of marketing and blending them with modern and future themes. Key features of this book include: A structure designed specifically to fit the way the course is taught in Europe New and updated in-depth European case studies help readers bridge the gap between knowledge and practice Focus on digital technologies such as robotics, AI, augmented and virtual reality, and their impact on marketing management skill sets and practices Coverage of the latest trends and developments in the marketing field, such as social media marketing, ethical issues and sustainability Featuring work from prominent European academics, new practical examples and exercises, it remains one of the most significant textbooks in marketing management.
Fuente proveedora Provided by publisher
630 #0 - PUNTO DE ACCESO ADICIONAL DE MATERIA--TÍTULO UNIFORME
Título uniforme B1 Discovering Marketing (BiM)
9 (RLIN) 26597
630 #0 - PUNTO DE ACCESO ADICIONAL DE MATERIA--TÍTULO UNIFORME
Título uniforme ​​MSc Fashion & Luxury Marketing - Understanding Fashion & Luxury Markets and customers​
9 (RLIN) 26039
650 #0 - PUNTO DE ACCESO ADICIONAL DE MATERIA--TÉRMINO DE MATERIA
Término de materia o nombre geográfico como elemento de entrada Marketing
Subdivisión general Management
9 (RLIN) 9256
700 ## - ENTRADA AGREGADA--NOMBRE PERSONAL
Nombre de persona Keller, Kevin Lane
Fechas asociadas al nombre 1956-
Término indicativo de función/relación author
9 (RLIN) 2447
700 ## - ENTRADA AGREGADA--NOMBRE PERSONAL
Nombre de persona Brady, Mairead
Término indicativo de función/relación author
9 (RLIN) 21391
700 ## - ENTRADA AGREGADA--NOMBRE PERSONAL
Nombre de persona Goodman, Malcolm
Término indicativo de función/relación author
9 (RLIN) 21390
700 ## - ENTRADA AGREGADA--NOMBRE PERSONAL
Nombre de persona Hansen, Torben,
Fechas asociadas al nombre 1966-),
Término indicativo de función/relación author
776 08 - ENTRADA DE FORMULARIO FÍSICO ADICIONAL
Información de relación/Frase instructiva de referencia Print version:
Encabezamiento principal Kotler, Philip.
Título Marketing management
Edición 5th European edition.
Lugar, editor y fecha de publicación Hoboken : Pearson Education Limited, 2024
Número Internacional Estándar del Libro 9781292727035
Número de control del registro (DLC) 2024010576
856 ## - LOCALIZACIÓN Y ACCESO ELECTRÓNICOS
Identificador Uniforme del Recurso <a href="https://bibliotheque.tbs-education.fr/Default/doc/SYRACUSE/3399068/marketing-management">https://bibliotheque.tbs-education.fr/Default/doc/SYRACUSE/3399068/marketing-management</a>
942 ## - ELEMENTOS DE ENTRADA AGREGADA (KOHA)
Fuente del sistema de clasificación o colocación Clasificación de Library of Congress
Holdings
Estado de retiro Estado de pérdida Fuente del sistema de clasificación o colocación Estado dañado No para préstamo Código de colección Biblioteca de origen Biblioteca actual Fecha de adquisición Total de préstamos Fecha visto por última vez Número de copia Identificador Uniforme del Recurso Precio válido a partir de Tipo de ítem Koha Nota pública
    Clasificación de Library of Congress     Core Textbooks TBS Barcelona TBS Barcelona 05/09/2025   05/09/2025 1 https://bibliotheque.tbs-education.fr/Default/doc/SYRACUSE/3399068/marketing-management 05/09/2025 eBook ebook

Powered by Koha